00775nam a22002177a 4500003000500000005001700005008004100022010001000063011001000073035001000083040000900093082002300102110007400125245004300199260004400242300001800286490007500304505009500379650001200474830007100486CHAP20220329140005.0971013s1966 r 00010 d a45161 a46133 a50273 cCHAP a551.4708bU55 1967 aUniversidad Nacional Autónoma de México. Instituto de Geofísica aTablas de predicción de mareas, 1967 aMéxico, D.F. :bLa Universidad,c1966 a2 v.b: ilus. aApéndice I de los Anales del Instituto de Geofísica, vol. 12, 1966 aContenido: Pte. A. Puertos del Golfo de México.- Pte. B. Puertos del Océano Pacífico14aMareas.0 aApendice I de los Anales del Instituto de Geofisica, vol. 12, 1966